000 00807nam a2200313 i 4500
003 DO-SdBNP
005 20260202073633.0
007 ta
008 020226e2026 dr ||||e |||| 00| 0 spa d
020 _a9789945186406
040 _aDO-SdBNP
_bspa
_cBNPHU
_erda
041 _aspa
082 4 _axxx
_bT219r
_222
100 _aTatis, Golkis
_eautor
_988939
245 1 0 _aLa respuesta de Dios /
_cGolkis Tatis
264 _aSanto Domingo :
_b[Editora desconocida],
_c2023
300 _a184 páginas ;
_c21 cm.
336 _ardacontent
_btexto
_2txt
337 _ardamedia
_bsin mediación
_2n
338 _ardacarrier
_bvolumen
_2nc
590 _aInventariado 2026/DG
650 _98328
650 _92093
650 _913110
650 _979316
700 _982183
910 _aDG
942 _2ddc
_cLBS1
999 _c60172
_d60172